<The> State of the European Economy Ahead of the Impact of the Global Pandemic

Gespeichert in:
Bibliographische Detailangaben
1. Verfasser: Potoma, Radoslav, 1992-
Format: Buchkapitel
Sprache:Englisch
Schlagworte:
Tags: Tag hinzufügen
Keine Tags, Fügen Sie das erste Tag hinzu!

MARC

LEADER 00000naa$a2200000$$$4500
001 0271327
005 20240502074252.1
041 0 |a eng 
044 |a SK 
245 1 0 |a <The> State of the European Economy Ahead of the Impact of the Global Pandemic  |c Radoslav Potoma 
610 2 0 |a pandémia 
610 2 0 |a koronavírus 
610 2 0 |a priemysel 
610 2 0 |a Európska únia 
100 1 |a Potoma, Radoslav, 1992-